[Event "WCO 2016"]
[Site "?"]
[Date "2016.09.11"]
[Round "9"]
[Board "6"]
[WhiteID "2101246"]
[White "Leitao Rafael"]
[BlackID "1709437"]
[Black "Blomqvist Erik"]
[Result "1-0"]
[BlackElo "2545"]
[WhiteElo "2616"]
[LiveChessVersion "1.4.8"]

1. d4 {[%clk 1:30:55]} d5 {[%clk 1:30:55]} 2. c4 {[%clk 1:31:17]} c6
{[%clk 1:31:20]} 3. Nf3 {[%clk 1:31:37]} Nf6 {[%clk 1:31:44]} 4. Nc3
{[%clk 1:30:59]} dxc4 {[%clk 1:32:05]} 5. a4 {[%clk 1:31:15]} Bf5
{[%clk 1:32:29]} 6. Nh4 {[%clk 1:30:54]} e6 {[%clk 1:32:45]} 7. Nxf5
{[%clk 1:31:18]} exf5 {[%clk 1:33:11]} 8. e3 {[%clk 1:31:00]} Bb4
{[%clk 1:32:42]} 9. Bxc4 {[%clk 1:31:19]} O-O {[%clk 1:32:55]} 10. Qc2
{[%clk 1:31:13]} g6 {[%clk 1:33:14]} 11. O-O {[%clk 1:31:35]} Nbd7
{[%clk 1:33:38]} 12. f3 {[%clk 1:29:14]} Rc8 {[%clk 1:33:53]} 13. Kh1
{[%clk 1:29:25]} c5 {[%clk 1:33:55]} 14. Ba2 {[%clk 1:29:45]} a6 {[%clk 1:33:48]}
15. Qf2 {[%clk 1:09:44]} Qb6 {[%clk 1:30:53]} 16. Bd2 {[%clk 1:06:40]} Rfe8
{[%clk 1:18:22]} 17. Rad1 {[%clk 1:05:53]} f4 {[%clk 1:11:18]} 18. Bc1
{[%clk 0:44:19]} fxe3 {[%clk 1:08:02]} 19. Bxe3 {[%clk 0:44:44]} c4
{[%clk 1:08:08]} 20. Bb1 {[%clk 0:36:39]} Bxc3 {[%clk 0:32:55]} 21. bxc3
{[%clk 0:37:01]} Nd5 {[%clk 0:33:20]} 22. Bd2 {[%clk 0:37:08]} Qb3
{[%clk 0:28:45]} 23. Be4 {[%clk 0:24:25]} Nxc3 {[%clk 0:28:43]} 24. Bxc3
{[%clk 0:24:17]} Qxc3 {[%clk 0:28:42]} 25. Bxb7 {[%clk 0:24:30]} Rb8
{[%clk 0:21:30]} 26. Rc1 {[%clk 0:15:43]} Qb4 {[%clk 0:16:20]} 27. Bxa6
{[%clk 0:14:33]} Qxa4 {[%clk 0:13:20]} 28. Bxc4 {[%clk 0:14:30]} Rb4
{[%clk 0:12:07]} 29. Bd5 {[%clk 0:09:06]} Rxd4 {[%clk 0:11:04]} 30. Bc6
{[%clk 0:09:30]} Qb4 {[%clk 0:05:54]} 31. Rcd1 {[%clk 0:09:35]} Rxd1
{[%clk 0:05:30]} 32. Rxd1 {[%clk 0:10:00]} Qb3 {[%clk 0:04:20]} 33. Qd2
{[%clk 0:09:39]} Nf6 {[%clk 0:00:34]} 34. Bxe8 {[%clk 0:10:00]} Nxe8
{[%clk 0:01:01]} 35. Re1 {[%clk 0:09:45]} Nf6 {[%clk 0:01:18]} 36. Qd4
{[%clk 0:09:58]} 1-0

[Event "WCO 2016"]
[Site "?"]
[Date "2016.09.11"]
[Round "9"]
[Board "7"]
[WhiteID "1700812"]
[White "Hillarp Persson Tiger"]
[BlackID "2115824"]
[Black "Barbosa Evandro Amorim"]
[Result "1/2-1/2"]
[BlackElo "2509"]
[WhiteElo "2523"]
[LiveChessVersion "1.4.8"]

1. b3 {[%clk 1:30:56]} c5 {[%clk 1:29:00]} 2. g3 {[%clk 1:29:06]} d5
{[%clk 1:28:19]} 3. Bg2 {[%clk 1:28:13]} Nc6 {[%clk 1:28:31]} 4. e3
{[%clk 1:27:50]} e5 {[%clk 1:28:08]} 5. Ne2 {[%clk 1:28:14]} Nf6 {[%clk 1:23:56]}
6. d3 {[%clk 1:26:31]} Be7 {[%clk 1:22:48]} 7. Nd2 {[%clk 1:26:27]} O-O
{[%clk 1:22:17]} 8. h3 {[%clk 1:23:42]} Be6 {[%clk 1:21:59]} 9. O-O
{[%clk 1:22:07]} Rc8 {[%clk 1:17:12]} 10. f4 {[%clk 1:16:12]} exf4
{[%clk 1:09:22]} 11. Nxf4 {[%clk 1:16:33]} Bd6 {[%clk 1:05:20]} 12. Nf3
{[%clk 1:11:19]} Ne7 {[%clk 0:59:33]} 13. c4 {[%clk 0:59:26]} Qd7
{[%clk 0:45:27]} 14. g4 {[%clk 0:41:29]} Ng6 {[%clk 0:43:09]} 15. Qd2
{[%clk 0:35:12]} Rfe8 {[%clk 0:35:46]} 16. Nxg6 {[%clk 0:33:47]} hxg6
{[%clk 0:33:35]} 17. Bb2 {[%clk 0:33:38]} Rcd8 {[%clk 0:31:35]} 18. Qc3
{[%clk 0:28:14]} Bf8 {[%clk 0:26:08]} 19. Ne5 {[%clk 0:23:32]} Qc7
{[%clk 0:25:29]} 20. Rae1 {[%clk 0:23:09]} Bd6 {[%clk 0:21:53]} 21. Nf3
{[%clk 0:18:45]} Bf8 {[%clk 0:17:40]} 22. Ne5 {[%clk 0:12:34]} Bd6
{[%clk 0:17:46]} 23. Nf3 {[%clk 0:12:52]} Bf8 {[%clk 0:15:41]} 24. Ne5 1/2-1/2

[Event "WCO 2016"]
[Site "?"]
[Date "2016.09.11"]
[Round "9"]
[Board "8"]
[WhiteID "2105446"]
[White "Di Berardino Diego Rafael"]
[BlackID "1701754"]
[Black "Westerberg Jonathan"]
[Result "1-0"]
[BlackElo "2491"]
[WhiteElo "2499"]
[LiveChessVersion "1.4.8"]

1. e4 {[%clk 1:30:55]} e6 {[%clk 1:30:34]} 2. d4 {[%clk 1:31:16]} d5
{[%clk 1:30:43]} 3. Nd2 {[%clk 1:29:38]} c5 {[%clk 1:30:00]} 4. exd5
{[%clk 1:29:40]} Qxd5 {[%clk 1:30:21]} 5. dxc5 {[%clk 1:29:16]} Bxc5
{[%clk 1:22:42]} 6. Ngf3 {[%clk 1:29:31]} Nf6 {[%clk 1:21:49]} 7. Bc4
{[%clk 1:29:47]} Qd6 {[%clk 1:16:06]} 8. O-O {[%clk 1:29:33]} Qc7
{[%clk 1:13:23]} 9. Qe2 {[%clk 1:27:45]} O-O {[%clk 1:07:28]} 10. Ne4
{[%clk 1:26:15]} Be7 {[%clk 1:07:54]} 11. Bg5 {[%clk 0:55:43]} b6
{[%clk 0:54:04]} 12. Nxf6+ {[%clk 0:51:00]} Bxf6 {[%clk 0:54:21]} 13. Bxf6
{[%clk 0:51:12]} gxf6 {[%clk 0:54:48]} 14. Rad1 {[%clk 0:36:22]} Nc6
{[%clk 0:34:59]} 15. Qe4 {[%clk 0:26:58]} Bb7 {[%clk 0:35:07]} 16. Qh4
{[%clk 0:25:36]} Kg7 {[%clk 0:34:42]} 17. Rfe1 {[%clk 0:08:18]} Rad8
{[%clk 0:31:09]} 18. Bd3 {[%clk 0:08:25]} f5 {[%clk 0:25:29]} 19. Ng5
{[%clk 0:05:09]} Rh8 {[%clk 0:22:20]} 20. Rxe6 {[%clk 0:03:51]} h6
{[%clk 0:22:19]} 21. Nxf7 {[%clk 0:03:33]} Qxf7 {[%clk 0:21:49]} 22. Rde1
{[%clk 0:03:57]} Rd7 {[%clk 0:13:31]} 23. Bc4 {[%clk 0:03:50]} Rd4
{[%clk 0:09:23]} 24. Qg3+ {[%clk 0:04:14]} Rg4 {[%clk 0:08:49]} 25. Qc3+
{[%clk 0:04:39]} Kh7 {[%clk 0:09:19]} 26. Rxh6+ {[%clk 0:04:26]} Kxh6
{[%clk 0:09:48]} 27. Bxf7 Nd4 28. Re6+ {[%clk 0:00:48]} Kg7 {[%clk 0:10:28]} 29.
Qc7 {[%clk 0:01:10]} Nf3+ {[%clk 0:08:54]} 30. Kf1 {[%clk 0:01:33]} Ba6+
{[%clk 0:06:26]} 31. Re2 {[%clk 0:01:58]} Rc8 {[%clk 0:03:24]} 32. Qxa7
{[%clk 0:01:16]} Bxe2+ {[%clk 0:03:05]} 33. Kxe2 {[%clk 0:01:42]} Nd4+
{[%clk 0:03:00]} 34. Kf1 {[%clk 0:01:27]} Nb5 {[%clk 0:00:40]} 35. Qd7
{[%clk 0:01:40]} Rc7 {[%clk 0:00:32]} 36. Qxb5 {[%clk 0:02:02]} Rxf7
{[%clk 0:00:57]} 1-0

[Event "WCO 2016"]
[Site "?"]
[Date "2016.09.11"]
[Round "9"]
[Board "9"]
[WhiteID "14001101"]
[White "Atabayev Maksat"]
[BlackID "12100030"]
[Black "Al-Modiahki Mohamad"]
[Result "1/2-1/2"]
[BlackElo "2550"]
[WhiteElo "2485"]
[LiveChessVersion "1.4.8"]

1. e4 {[%clk 1:30:18]} c5 {[%clk 1:30:59]} 2. Nf3 {[%clk 1:30:19]} g6
{[%clk 1:31:28]} 3. d4 {[%clk 1:28:45]} cxd4 {[%clk 1:31:24]} 4. Nxd4
{[%clk 1:29:07]} Nc6 {[%clk 1:31:31]} 5. Nc3 {[%clk 1:28:18]} Bg7
{[%clk 1:30:06]} 6. Be3 {[%clk 1:28:43]} Nf6 {[%clk 1:30:30]} 7. Nb3
{[%clk 1:27:35]} O-O {[%clk 1:29:36]} 8. Be2 {[%clk 1:27:59]} d6 {[%clk 1:23:05]}
9. O-O {[%clk 1:28:21]} b6 {[%clk 1:14:37]} 10. f4 {[%clk 1:23:55]} Bb7
{[%clk 1:14:45]} 11. Bf3 {[%clk 1:24:00]} Rc8 {[%clk 1:12:13]} 12. Qe2
{[%clk 1:20:40]} Qc7 {[%clk 0:55:48]} 13. Rfd1 {[%clk 1:20:03]} Qb8
{[%clk 0:54:16]} 14. Kh1 {[%clk 1:17:16]} Rfe8 {[%clk 0:52:47]} 15. Qd2
{[%clk 1:11:12]} Qa8 {[%clk 0:46:58]} 16. Nd5 {[%clk 1:09:46]} Nb8
{[%clk 0:30:52]} 17. c3 {[%clk 0:55:34]} Nbd7 {[%clk 0:23:46]} 18. Rf1
{[%clk 0:52:20]} e6 {[%clk 0:19:44]} 19. Nxf6+ {[%clk 0:48:20]} Nxf6
{[%clk 0:20:08]} 20. e5 {[%clk 0:47:29]} dxe5 {[%clk 0:13:12]} 21. fxe5
{[%clk 0:47:52]} Ne4 {[%clk 0:13:19]} 22. Bxe4 {[%clk 0:44:20]} Bxe4
{[%clk 0:13:47]} 23. Bd4 {[%clk 0:44:19]} Qd5 {[%clk 0:09:58]} 24. Rae1
{[%clk 0:43:17]} Rcd8 {[%clk 0:08:12]} 25. Qe2 {[%clk 0:41:55]} Bf5
{[%clk 0:07:04]} 26. Kg1 {[%clk 0:41:59]} g5 {[%clk 0:06:14]} 27. Nd2
{[%clk 0:38:01]} h6 {[%clk 0:01:36]} 28. a3 {[%clk 0:29:14]} Rd7 {[%clk 0:01:21]}
29. h4 {[%clk 0:28:12]} gxh4 {[%clk 0:01:31]} 30. Kh2 {[%clk 0:28:27]} Red8
{[%clk 0:01:25]} 31. Nf3 {[%clk 0:28:21]} Bg4 {[%clk 0:00:59]} 32. Qe3
{[%clk 0:28:02]} Qb5 {[%clk 0:00:40]} 33. Rf2 {[%clk 0:28:00]} Qc4
{[%clk 0:01:08]} 34. Nd2 {[%clk 0:26:56]} Qc7 {[%clk 0:01:08]} 35. Qf4
{[%clk 0:24:27]} Bf5 {[%clk 0:00:53]} 36. Nf3 {[%clk 0:24:53]} Qc4
{[%clk 0:00:50]} 37. Qxh4 {[%clk 0:25:12]} Bg6 {[%clk 0:01:00]} 38. Qf4
{[%clk 0:24:06]} Qd3 {[%clk 0:01:02]} 39. g4 {[%clk 0:23:38]} Qc4
{[%clk 0:01:28]} 40. Kg3 {[%clk 0:53:56]} Qc7 {[%clk 0:30:36]} 41. Rh2
{[%clk 0:54:02]} Kf8 {[%clk 0:24:02]} 42. Rxh6 {[%clk 0:33:43]} Bxh6
{[%clk 0:23:56]} 43. Qxh6+ {[%clk 0:33:44]} Ke8 {[%clk 0:23:53]} 44. Qh8+
{[%clk 0:28:08]} Ke7 {[%clk 0:24:22]} 45. Qf6+ {[%clk 0:28:22]} Ke8
{[%clk 0:24:50]} 46. Qh8+ {[%clk 0:28:28]} Ke7 {[%clk 0:25:19]} 1/2-1/2

[Event "WCO 2016"]
[Site "?"]
[Date "2016.09.11"]
[Round "9"]
[Board "10"]
[WhiteID "12100196"]
[White "AL-Sayed Mohammed"]
[BlackID "14001128"]
[Black "Atabayev Yusup"]
[Result "1-0"]
[BlackElo "2453"]
[WhiteElo "2521"]
[LiveChessVersion "1.4.8"]

1. d4 {[%clk 1:30:56]} Nf6 {[%clk 1:30:46]} 2. c4 {[%clk 1:31:19]} e6
{[%clk 1:31:12]} 3. Nf3 {[%clk 1:30:55]} d5 {[%clk 1:31:35]} 4. Nc3
{[%clk 1:30:55]} Bb4 {[%clk 1:31:52]} 5. cxd5 {[%clk 1:30:28]} exd5
{[%clk 1:32:13]} 6. Bg5 {[%clk 1:30:47]} h6 {[%clk 1:32:32]} 7. Bh4
{[%clk 1:30:18]} g5 {[%clk 1:23:41]} 8. Bg3 {[%clk 1:29:58]} Ne4 {[%clk 1:23:48]}
9. Nd2 {[%clk 1:29:57]} Nxg3 {[%clk 1:22:05]} 10. hxg3 {[%clk 1:29:33]} Nc6
{[%clk 1:21:27]} 11. e3 {[%clk 1:29:12]} Bf8 {[%clk 1:15:42]} 12. Bb5
{[%clk 1:15:35]} Bg7 {[%clk 1:13:26]} 13. Qb3 {[%clk 0:54:22]} Be6
{[%clk 1:12:16]} 14. Qa3 {[%clk 0:52:08]} Qd6 {[%clk 1:05:43]} 15. Qxd6
{[%clk 0:51:48]} cxd6 {[%clk 1:06:05]} 16. Ba4 {[%clk 0:49:54]} O-O-O
{[%clk 1:05:42]} 17. Bb3 {[%clk 0:49:39]} Ne7 {[%clk 1:05:21]} 18. a4
{[%clk 0:47:07]} a5 {[%clk 1:01:09]} 19. Ra3 {[%clk 0:44:07]} b6 {[%clk 0:59:44]}
20. Ba2 {[%clk 0:39:51]} Kb7 {[%clk 0:59:47]} 21. Ke2 {[%clk 0:39:15]} h5
{[%clk 0:57:56]} 22. Rb1 {[%clk 0:38:28]} Bf5 {[%clk 0:56:44]} 23. Rc1
{[%clk 0:38:52]} Rc8 {[%clk 0:55:52]} 24. Bb3 {[%clk 0:35:14]} Bd7
{[%clk 0:51:12]} 25. Raa1 {[%clk 0:34:04]} Bc6 {[%clk 0:51:28]} 26. Nf3
{[%clk 0:33:33]} Bf6 {[%clk 0:47:15]} 27. Rh1 {[%clk 0:33:25]} h4
{[%clk 0:46:39]} 28. gxh4 {[%clk 0:32:54]} gxh4 {[%clk 0:47:03]} 29. Rh2
{[%clk 0:32:57]} Ka6 {[%clk 0:43:34]} 30. Kd2 {[%clk 0:25:41]} Rhg8
{[%clk 0:43:47]} 31. Nxh4 {[%clk 0:25:15]} Bxh4 {[%clk 0:44:10]} 32. Rxh4
{[%clk 0:25:37]} Rxg2 {[%clk 0:44:34]} 33. Rf4 {[%clk 0:25:47]} f5
{[%clk 0:43:58]} 34. Rh1 {[%clk 0:25:37]} Rcg8 {[%clk 0:43:19]} 35. Rh6
{[%clk 0:23:10]} R8g6 {[%clk 0:42:52]} 36. Rxg6 {[%clk 0:23:29]} Rxg6
{[%clk 0:43:17]} 37. Rh4 {[%clk 0:23:52]} Rg2 {[%clk 0:34:20]} 38. Ke2
{[%clk 0:22:23]} b5 {[%clk 0:34:46]} 39. axb5+ {[%clk 0:21:32]} Bxb5+
{[%clk 0:35:11]} 40. Nxb5 {[%clk 0:51:54]} Kxb5 {[%clk 1:05:37]} 41. Rh7
{[%clk 0:52:17]} Nc8 {[%clk 1:04:44]} 42. Bxd5 {[%clk 0:52:19]} Rg5
{[%clk 1:05:03]} 43. Be6 {[%clk 0:46:23]} Nb6 {[%clk 1:04:28]} 44. Rf7
{[%clk 0:46:46]} Na4 {[%clk 1:03:35]} 45. Bd7+ {[%clk 0:47:00]} Kb4
{[%clk 1:03:59]} 46. Bxa4 {[%clk 0:47:25]} Kxa4 {[%clk 1:04:25]} 47. Rb7
{[%clk 0:47:40]} Rg1 {[%clk 1:04:25]} 48. b3+ {[%clk 0:46:28]} 1-0

[Event "WCO 2016"]
[Site "?"]
[Date "2016.09.11"]
[Round "9"]
[Board "11"]
[WhiteID "14000571"]
[White "Atabayev Saparmyrat"]
[BlackID "12100293"]
[Black "Nezad Husein Aziz"]
[Result "1-0"]
[BlackElo "2427"]
[WhiteElo "2406"]
[LiveChessVersion "1.4.8"]

1. e4 {[%clk 1:31:00]} e5 {[%clk 1:30:45]} 2. Nf3 {[%clk 1:31:25]} Nc6
{[%clk 1:31:06]} 3. Bb5 {[%clk 1:31:33]} a6 {[%clk 1:31:17]} 4. Ba4
{[%clk 1:31:57]} Nf6 {[%clk 1:31:32]} 5. O-O {[%clk 1:32:19]} b5 {[%clk 1:31:50]}
6. Bb3 {[%clk 1:32:44]} Bc5 {[%clk 1:32:13]} 7. d3 {[%clk 1:30:10]} d6
{[%clk 1:27:48]} 8. a4 {[%clk 1:29:31]} Rb8 {[%clk 1:27:01]} 9. axb5
{[%clk 1:29:38]} axb5 {[%clk 1:27:23]} 10. c3 {[%clk 1:27:04]} h6
{[%clk 1:26:27]} 11. Be3 {[%clk 1:21:32]} O-O {[%clk 1:21:20]} 12. h3
{[%clk 1:20:31]} Bxe3 {[%clk 1:13:27]} 13. fxe3 {[%clk 1:19:40]} d5
{[%clk 1:13:48]} 14. Nbd2 {[%clk 1:16:57]} dxe4 {[%clk 1:09:43]} 15. Nxe4
{[%clk 1:15:36]} Nxe4 {[%clk 1:07:52]} 16. dxe4 {[%clk 1:16:02]} Qe7
{[%clk 0:59:01]} 17. Qe1 {[%clk 1:11:37]} Be6 {[%clk 0:46:04]} 18. Bd5
{[%clk 1:11:34]} Bxd5 {[%clk 0:45:25]} 19. exd5 {[%clk 1:11:57]} e4
{[%clk 0:45:50]} 20. Nh4 {[%clk 1:08:19]} Ne5 {[%clk 0:44:57]} 21. Nf5
{[%clk 1:06:19]} Qf6 {[%clk 0:40:19]} 22. Qb1 {[%clk 0:48:44]} Nd3
{[%clk 0:34:17]} 23. Ra7 {[%clk 0:45:28]} Qb6 {[%clk 0:28:23]} 24. Qa2
{[%clk 0:45:22]} b4 {[%clk 0:28:03]} 25. Ra6 {[%clk 0:36:21]} Qc5
{[%clk 0:28:08]} 26. Rc6 {[%clk 0:34:59]} b3 {[%clk 0:27:01]} 27. Qa4
{[%clk 0:34:02]} Nxb2 {[%clk 0:08:11]} 28. Qxe4 {[%clk 0:33:35]} 1-0

[Event "WCO 2016"]
[Site "?"]
[Date "2016.09.11"]
[Round "9"]
[Board "12"]
[WhiteID "8600546"]
[White "Zhu Chen"]
[BlackID "14000091"]
[Black "Odeev Handszar"]
[Result "1/2-1/2"]
[BlackElo "2401"]
[WhiteElo "2418"]
[LiveChessVersion "1.4.8"]

1. d4 {[%clk 1:30:57]} Nf6 {[%clk 1:30:49]} 2. c4 {[%clk 1:31:23]} g6
{[%clk 1:30:11]} 3. Nc3 {[%clk 1:31:48]} d5 {[%clk 1:30:35]} 4. Bg5
{[%clk 1:32:13]} Bg7 {[%clk 1:18:40]} 5. Bxf6 {[%clk 1:32:16]} Bxf6
{[%clk 1:19:01]} 6. cxd5 {[%clk 1:32:37]} c5 {[%clk 1:19:15]} 7. Nf3
{[%clk 1:32:54]} O-O {[%clk 1:11:22]} 8. Qd2 {[%clk 1:17:52]} cxd4
{[%clk 1:01:53]} 9. Nxd4 {[%clk 1:17:29]} Nd7 {[%clk 1:02:02]} 10. e4
{[%clk 1:15:34]} Qb6 {[%clk 1:00:40]} 11. Nb3 {[%clk 1:06:10]} Nc5
{[%clk 0:46:36]} 12. Nxc5 {[%clk 1:03:55]} Qxc5 {[%clk 0:47:02]} 13. Be2
{[%clk 1:03:32]} Bd7 {[%clk 0:47:08]} 14. O-O {[%clk 1:00:08]} Rfc8
{[%clk 0:42:32]} 15. Rac1 {[%clk 0:48:31]} Qb4 {[%clk 0:42:16]} 16. Bf3
{[%clk 0:48:09]} a5 {[%clk 0:30:56]} 17. Rfe1 {[%clk 0:40:11]} Be5
{[%clk 0:30:23]} 18. g3 {[%clk 0:38:46]} Rc4 {[%clk 0:23:31]} 19. Be2
{[%clk 0:23:52]} Rc5 {[%clk 0:17:46]} 20. a3 {[%clk 0:10:56]} Qb6
{[%clk 0:15:24]} 21. Kg2 {[%clk 0:09:45]} Rac8 {[%clk 0:11:28]} 22. f4
{[%clk 0:09:43]} Bxc3 {[%clk 0:09:34]} 23. bxc3 {[%clk 0:07:25]} Qc7
{[%clk 0:07:54]} 24. c4 {[%clk 0:00:35]} b5 {[%clk 0:05:59]} 25. Rc3
{[%clk 0:01:04]} bxc4 {[%clk 0:05:28]} 26. Rec1 {[%clk 0:01:33]} Bb5
{[%clk 0:04:48]} 27. h4 {[%clk 0:01:51]} Rd8 {[%clk 0:04:15]} 28. h5
{[%clk 0:00:42]} e6 {[%clk 0:02:59]} 29. hxg6 {[%clk 0:00:45]} fxg6
{[%clk 0:01:48]} 30. Bf3 {[%clk 0:00:55]} exd5 {[%clk 0:01:18]} 31. exd5
{[%clk 0:01:24]} Qd6 {[%clk 0:00:38]} 32. Kf2 {[%clk 0:01:07]} Ba6
{[%clk 0:00:35]} 33. Qd4 {[%clk 0:01:10]} Rc7 {[%clk 0:00:41]} 34. Re1
{[%clk 0:01:25]} Qc5 {[%clk 0:00:43]} 35. Qxc5 {[%clk 0:01:31]} Rxc5
{[%clk 0:01:13]} 36. Re7 {[%clk 0:01:43]} Rb5 {[%clk 0:01:24]} 37. Ra7
{[%clk 0:00:38]} Bb7 {[%clk 0:01:22]} 38. g4 {[%clk 0:00:36]} Bxd5
{[%clk 0:01:10]} 39. Bxd5+ {[%clk 0:01:01]} Rbxd5 {[%clk 0:01:11]} 40. Rxc4
{[%clk 0:31:02]} R8d7 {[%clk 0:30:49]} 41. Rxd7 {[%clk 0:28:20]} Rxd7
{[%clk 0:25:58]} 42. Ke3 {[%clk 0:28:08]} Rb7 {[%clk 0:17:19]} 43. Ra4
{[%clk 0:26:11]} h5 {[%clk 0:11:31]} 44. gxh5 {[%clk 0:25:24]} gxh5
{[%clk 0:11:59]} 45. Rxa5 {[%clk 0:22:51]} h4 {[%clk 0:12:21]} 46. Kf3
{[%clk 0:19:13]} Rb3+ {[%clk 0:10:46]} 47. Kg2 {[%clk 0:19:35]} Kf7
{[%clk 0:07:34]} 48. Ra8 {[%clk 0:18:09]} h3+ {[%clk 0:03:43]} 49. Kh2
{[%clk 0:18:37]} Rf3 {[%clk 0:04:08]} 50. a4 {[%clk 0:17:43]} Rxf4
{[%clk 0:04:09]} 51. Kxh3 {[%clk 0:18:10]} Ke7 {[%clk 0:04:17]} 52. Kg3
{[%clk 0:18:24]} Rb4 {[%clk 0:04:22]} 53. a5 {[%clk 0:18:26]} Kd7
{[%clk 0:04:14]} 1/2-1/2

[Event "WCO 2016"]
[Site "?"]
[Date "2016.09.11"]
[Round "9"]
[Board "9"]
[WhiteID "922412"]
[White "Djukic Nikola"]
[BlackID "12803731"]
[Black "Laurusas Tomas"]
[Result "0-1"]
[BlackElo "2437"]
[WhiteElo "2534"]
[LiveChessVersion "1.4.8"]

1. e4 {[%clk 1:30:57]} e5 {[%clk 1:30:54]} 2. Nf3 {[%clk 1:31:20]} Nf6
{[%clk 1:31:19]} 3. Nxe5 {[%clk 1:30:55]} d6 {[%clk 1:31:41]} 4. Nf3
{[%clk 1:31:21]} Nxe4 {[%clk 1:32:03]} 5. d4 {[%clk 1:31:16]} Be7
{[%clk 1:32:23]} 6. Bd3 {[%clk 1:31:39]} Nf6 {[%clk 1:32:45]} 7. h3
{[%clk 1:23:13]} O-O {[%clk 1:28:44]} 8. O-O {[%clk 1:23:24]} Re8
{[%clk 1:29:06]} 9. c4 {[%clk 1:17:14]} Nbd7 {[%clk 1:27:01]} 10. Nc3
{[%clk 1:16:49]} c6 {[%clk 1:27:03]} 11. Bf4 {[%clk 1:12:31]} Nf8
{[%clk 1:27:15]} 12. Qc2 {[%clk 1:09:11]} Ng6 {[%clk 1:27:02]} 13. Bh2
{[%clk 1:09:33]} Bd7 {[%clk 1:26:07]} 14. Rad1 {[%clk 1:02:24]} Qa5
{[%clk 1:20:40]} 15. a3 {[%clk 0:56:31]} Rad8 {[%clk 1:14:41]} 16. b4
{[%clk 0:55:56]} Qh5 {[%clk 1:15:09]} 17. Ne2 {[%clk 0:52:01]} Nh4
{[%clk 1:15:26]} 18. Nxh4 {[%clk 0:51:55]} Qxh4 {[%clk 1:15:54]} 19. f4
{[%clk 0:37:26]} d5 {[%clk 1:12:05]} 20. c5 {[%clk 0:32:39]} Ne4 {[%clk 1:06:48]}
21. Bxe4 {[%clk 0:33:02]} dxe4 {[%clk 1:07:13]} 22. f5 {[%clk 0:32:44]} Bg5
{[%clk 0:58:18]} 23. Bc7 {[%clk 0:32:18]} Rc8 {[%clk 0:57:58]} 24. Bg3
{[%clk 0:31:22]} Qh6 {[%clk 0:57:49]} 25. Kh2 {[%clk 0:30:05]} g6
{[%clk 0:53:50]} 26. fxg6 {[%clk 0:17:46]} hxg6 {[%clk 0:51:18]} 27. Bf4
{[%clk 0:12:33]} e3 {[%clk 0:45:40]} 28. Rf3 {[%clk 0:08:15]} Bf5
{[%clk 0:43:22]} 29. Qc3 {[%clk 0:08:25]} Bxf4+ {[%clk 0:40:56]} 30. Rxf4
{[%clk 0:08:32]} Re4 {[%clk 0:39:23]} 31. Rdf1 {[%clk 0:06:34]} Rce8
{[%clk 0:39:33]} 32. Qb3 {[%clk 0:04:40]} Rxf4 {[%clk 0:24:39]} 33. Rxf4
{[%clk 0:05:04]} Qg5 {[%clk 0:13:47]} 34. Rf3 {[%clk 0:01:52]} Qe7
{[%clk 0:13:57]} 35. Kg1 {[%clk 0:01:32]} Qe4 {[%clk 0:11:57]} 36. Rf4
{[%clk 0:01:53]} Qd3 {[%clk 0:11:52]} 37. Qxd3 {[%clk 0:02:17]} Bxd3
{[%clk 0:12:20]} 38. Kf1 {[%clk 0:02:39]} g5 {[%clk 0:11:09]} 39. Rg4
{[%clk 0:02:13]} f6 {[%clk 0:11:26]} 40. Ke1 {[%clk 0:31:16]} Kf7
{[%clk 0:38:14]} 41. Rg3 {[%clk 0:31:01]} Bc4 {[%clk 0:35:16]} 42. Rf3
{[%clk 0:17:43]} Bd5 {[%clk 0:19:08]} 43. Rg3 {[%clk 0:18:01]} Re7
{[%clk 0:19:32]} 44. Nc3 {[%clk 0:16:37]} Bc4 {[%clk 0:20:01]} 45. Nd1
{[%clk 0:15:16]} Re4 {[%clk 0:18:09]} 46. Rxe3 {[%clk 0:11:44]} Rxd4
{[%clk 0:18:31]} 47. Nc3 {[%clk 0:10:11]} f5 {[%clk 0:17:03]} 48. g3
{[%clk 0:03:45]} Kf6 {[%clk 0:16:16]} 49. g4 {[%clk 0:02:30]} fxg4
{[%clk 0:14:59]} 50. hxg4 {[%clk 0:02:55]} Rxg4 {[%clk 0:12:11]} 51. Ne4+
{[%clk 0:03:19]} Kg6 {[%clk 0:12:14]} 52. Nd6 {[%clk 0:03:45]} Bd5
{[%clk 0:10:21]} 53. Nxb7 {[%clk 0:04:03]} Rf4 {[%clk 0:09:00]} 54. Nd6
{[%clk 0:03:45]} a6 {[%clk 0:09:22]} 55. Nc8 {[%clk 0:02:56]} Kf6
{[%clk 0:06:35]} 56. Nb6 {[%clk 0:02:23]} Be4 {[%clk 0:03:54]} 57. Na8
{[%clk 0:02:07]} Ke5 {[%clk 0:02:47]} 58. Nc7 {[%clk 0:02:33]} Rh4
{[%clk 0:02:55]} 59. Kf2 {[%clk 0:02:06]} Rh2+ {[%clk 0:02:42]} 60. Kg3
{[%clk 0:02:28]} Rg2+ {[%clk 0:03:04]} 61. Kh3 {[%clk 0:02:45]} g4+
{[%clk 0:03:30]} 62. Kh4 {[%clk 0:03:12]} Kf4 {[%clk 0:03:49]} 0-1

[Event "WCO 2016"]
[Site "?"]
[Date "2016.09.11"]
[Round "9"]
[Board "10"]
[WhiteID "12800112"]
[White "Sulskis Sarunas"]
[BlackID "900885"]
[Black "Blagojevic Dragisa"]
[Result "1-0"]
[BlackElo "2482"]
[WhiteElo "2519"]
[LiveChessVersion "1.4.8"]

1. e4 {[%clk 1:30:52]} e5 {[%clk 1:30:54]} 2. Bc4 {[%clk 1:31:13]} Nf6
{[%clk 1:31:09]} 3. d3 {[%clk 1:31:33]} Nc6 {[%clk 1:31:31]} 4. Nf3
{[%clk 1:31:38]} Bc5 {[%clk 1:31:34]} 5. O-O {[%clk 1:31:17]} O-O
{[%clk 1:31:37]} 6. c3 {[%clk 1:24:34]} d5 {[%clk 1:31:11]} 7. exd5
{[%clk 1:24:28]} Nxd5 {[%clk 1:31:35]} 8. b4 {[%clk 1:09:50]} Be7
{[%clk 1:30:01]} 9. Re1 {[%clk 1:03:37]} Bf6 {[%clk 1:22:30]} 10. Ng5
{[%clk 0:58:26]} Bxg5 {[%clk 1:06:28]} 11. Bxg5 {[%clk 0:58:33]} Qxg5
{[%clk 1:06:40]} 12. Bxd5 {[%clk 0:58:55]} Ne7 {[%clk 0:57:26]} 13. Bf3
{[%clk 0:47:56]} Ng6 {[%clk 0:54:07]} 14. Nd2 {[%clk 0:40:25]} c6
{[%clk 0:52:00]} 15. g3 {[%clk 0:36:27]} Bh3 {[%clk 0:41:50]} 16. Ne4
{[%clk 0:34:09]} Qe7 {[%clk 0:39:37]} 17. Bh5 {[%clk 0:27:33]} Rae8
{[%clk 0:30:54]} 18. Qd2 {[%clk 0:27:07]} Bc8 {[%clk 0:28:58]} 19. a4
{[%clk 0:20:40]} Nh8 {[%clk 0:24:16]} 20. d4 {[%clk 0:19:41]} Qc7
{[%clk 0:16:42]} 21. a5 {[%clk 0:16:44]} Ng6 {[%clk 0:14:38]} 22. d5
{[%clk 0:16:24]} cxd5 {[%clk 0:14:20]} 23. Qxd5 {[%clk 0:16:46]} Rd8
{[%clk 0:12:13]} 24. Qc5 {[%clk 0:15:29]} Qb8 {[%clk 0:11:55]} 25. Bxg6
{[%clk 0:10:57]} hxg6 {[%clk 0:11:49]} 26. Ng5 {[%clk 0:11:17]} Rfe8
{[%clk 0:09:05]} 27. Qc4 {[%clk 0:11:07]} Be6 {[%clk 0:09:02]} 28. Qh4
{[%clk 0:10:59]} f6 {[%clk 0:09:19]} 29. Qh7+ {[%clk 0:10:35]} Kf8
{[%clk 0:09:44]} 30. Nxe6+ {[%clk 0:10:06]} Rxe6 {[%clk 0:10:10]} 31. Qxg6
{[%clk 0:10:23]} Qc7 {[%clk 0:09:44]} 32. Re3 {[%clk 0:09:43]} Rc6
{[%clk 0:08:44]} 33. Rc1 {[%clk 0:09:13]} Rc4 {[%clk 0:08:16]} 34. Qc2
{[%clk 0:06:41]} Kg8 {[%clk 0:07:04]} 35. h4 {[%clk 0:06:55]} Rc8
{[%clk 0:05:08]} 36. Qb3 {[%clk 0:04:58]} Kh7 {[%clk 0:04:07]} 37. Qb1+
{[%clk 0:04:53]} Kg8 {[%clk 0:03:18]} 38. h5 {[%clk 0:03:49]} Qd7
{[%clk 0:02:14]} 39. Rd1 {[%clk 0:01:11]} Qg4 {[%clk 0:02:27]} 40. Red3
{[%clk 0:30:59]} e4 {[%clk 0:31:06]} 41. Rd4 {[%clk 0:23:33]} Qxh5
{[%clk 0:15:30]} 42. Qb3 {[%clk 0:18:48]} Kh7 {[%clk 0:14:45]} 43. Rxc4
{[%clk 0:16:53]} Rxc4 {[%clk 0:15:11]} 44. Qxc4 {[%clk 0:16:52]} Qxd1+
{[%clk 0:15:34]} 45. Qf1 {[%clk 0:16:40]} Qc2 {[%clk 0:09:47]} 46. Qh3+
{[%clk 0:16:15]} Kg6 {[%clk 0:09:49]} 47. Qg4+ {[%clk 0:16:10]} Kf7
{[%clk 0:07:11]} 48. Qd7+ {[%clk 0:15:09]} Kg6 {[%clk 0:07:33]} 49. g4
{[%clk 0:11:52]} Qxc3 {[%clk 0:04:52]} 50. Qe8+ {[%clk 0:11:35]} Kh7
{[%clk 0:04:30]} 51. Qxe4+ {[%clk 0:11:46]} Kh6 {[%clk 0:04:21]} 52. Qh1+
{[%clk 0:11:49]} 1-0